Manual for the development of criminal justice statistics
| Corporate Authors: | ; |
|---|---|
| Format: | Print Book |
| Language: | English |
| Published: |
New York, NY
United Nations
1986
|
| In: |
Studies in methods / F (43)
Year: 1986 |
| Availability in Tübingen: | Present in Tübingen. IFK: P I 386 |
| Check availability: | HBZ Gateway |
| Subito Delivery Service: | Order now. |
| Keywords: |
MARC
| LEADER | 00000cam a2200000 c 4500 | ||
|---|---|---|---|
| 001 | 273078798 | ||
| 003 | DE-627 | ||
| 005 | 20251129021549.0 | ||
| 007 | tu | ||
| 008 | 990101s1986 xxu||||| 00| ||eng c | ||
| 020 | |a 9211612691 |9 92-1-161269-1 | ||
| 024 | 8 | |a ST/ESA/STAT/SER.F/43 |q Identnummer | |
| 028 | 5 | 2 | |a E.86.XVII.16 |
| 035 | |a (DE-627)273078798 | ||
| 035 | |a (DE-576)033589038 | ||
| 035 | |a (DE-599)GBV273078798 | ||
| 035 | |a (OCoLC)246359538 | ||
| 035 | |a (OCoLC)246359538 | ||
| 040 | |a DE-627 |b ger |c DE-627 |e rakwb | ||
| 041 | |a eng | ||
| 044 | |c XD-US | ||
| 245 | 0 | 0 | |a Manual for the development of criminal justice statistics |c Dep. of Internat. Economic and Social Affairs, Statistical Office ... |
| 264 | 1 | |a New York, NY |b United Nations |c 1986 | |
| 300 | |a 68 S. |b graph. Darst | ||
| 336 | |a Text |b txt |2 rdacontent | ||
| 337 | |a ohne Hilfsmittel zu benutzen |b n |2 rdamedia | ||
| 338 | |a Band |b nc |2 rdacarrier | ||
| 490 | 1 | |a Studies in methods |a Ser. F |v 43 | |
| 583 | 1 | |a Archivierung prüfen |c 20200919 |f DE-640 |z 3 |2 pdager | |
| 650 | 7 | |8 1.1\x |a Kriminalität |0 (DE-627)091372992 |0 (DE-2867)16195-0 |2 stw | |
| 655 | 4 | |0 (DE-206)13 |a Amtsdruckschrift |5 DE-206 | |
| 655 | 4 | |0 (DE-206)34 |a Graue Literatur |5 DE-206 | |
| 655 | 4 | |0 (DE-206)41 |a Handbuch |5 DE-206 | |
| 710 | 2 | |a Vereinte Nationen |b Statistical Office |0 (DE-588)35708-X |0 (DE-627)100823726 |0 (DE-576)190341351 |4 oth | |
| 710 | 2 | |a Vereinte Nationen |b Department of International Economic and Social Affairs |0 (DE-588)1050254-3 |0 (DE-627)100187226 |0 (DE-576)191439339 |4 oth | |
| 710 | 2 | |a Centre for Social Development and Humanitarian Affairs |0 (DE-588)1027061-9 |0 (DE-627)103640177 |0 (DE-576)191298700 |4 oth | |
| 810 | 2 | |a Vereinte Nationen |b Statistical Office |t Studies in methods / F |v 43 |9 4300 |w (DE-627)168234955 |w (DE-576)015969525 |w (DE-600)706260-6 |x 0498-014X |7 am | |
| 889 | |w (DE-627)255336624 | ||
| 935 | |i mdedup | ||
| 935 | |i Blocktest | ||
| 951 | |a BO | ||
| ELC | |b 1 | ||
| LOK | |0 000 xxxxxcx a22 zn 4500 | ||
| LOK | |0 001 318160903X | ||
| LOK | |0 003 DE-627 | ||
| LOK | |0 004 273078798 | ||
| LOK | |0 005 20140411131051 | ||
| LOK | |0 008 930603||||||||||||||||ger||||||| | ||
| LOK | |0 040 |a DE-21-110 |c DE-627 |d DE-21-110 | ||
| LOK | |0 689 |a s |a Kriminalstatistik | ||
| LOK | |0 689 |a s |a Strafjustiz | ||
| LOK | |0 689 |a f |a Handbuch | ||
| LOK | |0 852 |a DE-21-110 | ||
| LOK | |0 852 1 |c P I 386 |m p |9 00 | ||
| LOK | |0 935 |a k110 | ||
| LOK | |0 936ln |a 2.4 | ||
| LOK | |0 938 |k p | ||
| LOK | |0 939 |a 03-06-93 |b l01 | ||
| ORI | |a SA-MARC-krimdoka001.raw | ||
| SIG | |a IFK: P I 386 | ||
